000 00484nmm a2200169Ia 4500
008 251105s9999||||xx |||||||||||||||||und||
020 _a9781617410529
041 _aspa
100 _aCambridge
245 0 _aCrías de animales = Baby animals
264 _a[Madrid, España] :
_bRourke Educational Media,
_c2010
300 _a16 páginas
490 _aRourke Board Books
650 _aAges 3-5 Years Old
856 _uhttps://public.digitaliapublishing.com/a/24567
942 _cCF
999 _c75192
_d75192